000 00328nam a22001457a 4500
008 221114b ||||| |||| 00| 0 eng d
020 _a9789951552868
041 _aeng
080 _a72
082 _a72 SEJ
100 _a19.1
101 _aARK
245 _aSTRUKTURA DHE VETITE E DRURIT
_cMUHARREM SEJDIU
942 _2udc
_cBK
999 _c58888
_d58888